000 00722cam a2200277 i 4500
001 0000878
003 DO-SdBNP
005 20180510143323.0
007 0000878
008 100514s 1995 xxu a | |||| 000 f spa
015 _a
017 _a
_b
020 _a156015579X
035 _a
040 _aBPMSU
_bspa
_cBPMSU
_e
080 _a
100 1 _aKraatz, David
245 1 3 _aLa canción del geco /
_h
_cDavid Kraatz ; ilustraciones Mauricio Luengas
260 _aCompton, CA.
_bSantillana,
_c1995.
300 _a15 p.:
_bil.
_c30 cm.
700 1 2 _aLuengas, Mauricio
_eil.
910 _aInventariado, 2018/MFF
942 _2ddc
_cBK
945 _aInventariado, 2018 / BT
956 _aYLOCKWARD
_810
_cBPMSU
999 _c12294
_d12294